000 01770cam a22004694i 4500
003 PE-LiUPU
005 20250731172927.0
008 170512s1890 enk r 000 0 spa d
035 _a(Sirsi) a203975
040 _aPE-LiUPU
_bspa
_cPE-LiUPU
_erda
049 _aPRUA
082 0 4 _a238.5
_bW32
_223
100 1 _aWatson, Thomas,
_1686,
_eautor.
_91551
245 1 2 _aA body of divinity :
_bcontained in sermons upon the Westminster Assembly's Catechism /
_cThomas Watson.
264 1 _aLondon :
_bBanner of truth trust ;
_c1890.
300 _axii, 316 pages ;
_c23 centimeters
336 _atext
_2rdacontent
337 _aunmediated
_2rdamedia
338 _avolume
_2rdacarrier
505 0 _aIntroduction -- God and his creation -- The fall -- The covenant of grace and its mediator -- The application of redemption -- Death and the last day.
526 _aSEG42
526 _aSEG41
526 _aSEG40
526 _aSEG39
526 _aP94
526 _aP87
526 _aP86
526 _aP85
526 _aP77
526 _aP76
526 _aP35
611 2 4 _aWestminster Assembly (1643-1652).
650 1 4 _aCatecismo abreviado (Westminster Assembly).
650 1 4 _aSermones, inglés.
910 _ajck
_bncf
_cncf
_d20170512
942 _2ddc
_cBOOK
949 _a238.5 W32
_wDEWEY
_c1
_i75771
_lCCODEBUL1
_mBUL
_p10.00
_r0
_sY
_tBOOK
_u2017-05-11
_xPOSGRADO
_zMA.TEOLOGIA
_0DONACION
_o.STAFF. Colección Teologia
994 _aC0
_bPEPRU
596 _a1
999 _a238.5 W32
_wDEWEY
_c20354
_i75771
_f2021-11-10
_g4
_lCCODEBUL1
_mBUL
_p10.00
_r0
_sY
_tBOOK
_u2017-5-12
_xTEOLOGIA
_PP85
_0COMPRA
_o.STAFF. Colección Teologia
_d20354
980 _81
_gALBERTO SANCHEZ Responsable de Automatización